000 00779nam a2200241 i 4500
003 DO-SdBNP
005 20230628090100.0
006 a||||br|||| 00| 0
007 ta
008 230627t1971 dr a|||| |||| 00| 0 spa d
040 _aDO-SdBNP
_bspa
_cBNPHU
_erda
082 4 _222
_bM528c
100 1 _972971
_aMelo Cardona, Ligia Amada de
245 _aCiencias Naturales 1 curso :
_beducación media. plan de reforma. /
_cLigia Amada Melo Cardona, Antonio Mezón
264 4 _aSanto Domingo :
_bDisesa,
_c1971
300 _a252 páginas :
_bIlustraciones ;
_c23 cm.
336 _2rdaconten
_atexto
_btxt
337 _2rdamedia
_asin medición
_bn
338 _2rdacarrier
_avolumen
_bnc
590 _aInventariado 2023 / MF
700 1 _a Mezón, Antonio
_983623
942 _2ddc
_cLBS1
999 _c53983
_d53983